A harmony of the life of St. Paul: (Record no. 5198)

000 -LEADER
fixed length control field 00717nam a2200205 a 4500
001 - CONTROL NUMBER
control field :::00002939$&:&@@
003 - CONTROL NUMBER IDENTIFIER
control field OkBaRHE
005 - DATE AND TIME OF LATEST TRANSACTION
control field 20100401122314.0
008 - FIXED-LENGTH DATA ELEMENTS--GENERAL INFORMATION
fixed length control field s1986 j 000 0 eng u
040 ## - CATALOGING SOURCE
Transcribing agency
100 1# - MAIN ENTRY--PERSONAL NAME
Personal name Goodwin, Frank J.
245 12 - TITLE STATEMENT
Title A harmony of the life of St. Paul:
Remainder of title according to the Acts of the apostles and the Pauline epistles.
260 ## - PUBLICATION, DISTRIBUTION, ETC. (IMPRINT)
Place of publication, distribution, etc Grand Rapids, MI., :
Name of publisher, distributor, etc Baker Book House
Date of publication, distribution, etc 1986
300 ## - PHYSICAL DESCRIPTION
Extent 240 p. ;
Dimensions 23 cm.
650 ## - SUBJECT ADDED ENTRY--TOPICAL TERM
Topical term or geographic name as entry element Bible New Testament
General subdivision Harmonies
650 ## - SUBJECT ADDED ENTRY--TOPICAL TERM
Topical term or geographic name as entry element Bible New Testament
General subdivision Pauline Epistles
650 ## - SUBJECT ADDED ENTRY--TOPICAL TERM
Topical term or geographic name as entry element Paul, apostle
942 ## - ADDED ENTRY ELEMENTS (KOHA)
Source of classification or shelving scheme
Koha item type Books
Copies
Price effective from Damaged status Date last seen Shelving location Permanent Location Withdrawn status Source of classification or shelving scheme Lost status Full call number Barcode Not for loan Koha item type Date acquired Copy number
2010-04-14 2018-03-16General StacksRHEMA Bible Training College   BS 2506 .G65 19862939 Books2010-04-141